00752 a2200205 4500010001400000020002300014035001300037037001500050082001300065090001700078245005700095260004900152270009500201300003000296500001900326700001900345942002700364999001700391952013800408 aENG-89288 a8170247489c300.00 aEN-72821 bDBAD / PUB14a338.4791 c10704d107041 aProfiles in Indian tourism/cedited by Shalini Singh aNew DelhibAPH Publishing Corporationc2008 a4435-36/7, Ansari Road, Darya Ganj,bNew DelhicDelhie110002k23274050maphbook@vsnl.net axiii, 215p.c22 cm ( Hb.) aIncludes index1 aSingh, Shalini adplcENk338.4791/ PRO c10409d10409 00102ddc40718NFICaDBADbDBADeDBAD/PUBg300.00l0o338.4791 PROpEN-72821r2008-09-15 00:00:00t1u11465v300.00w2008-09-15yEN